000 01439nam0a2200313 4500
001 RU\NLR\bibl\889322
005 20250614171759.0
010 _a5-7890-0328-1
_9100
021 _aRU
_b2005-74171
_93658
035 _a(NLR Aleph) 000877837
090 _a1640038
_c1640038
100 _a20051216d2005 |||y0rusy50 ca
101 0 _arus
102 _aRU
105 _aa |||||||||
200 1 _aУпрочнение поверхности концентрированными потоками энергии
_eучебное пособие
_fГ.И. Бровер, А.В. Бровер
_gФедер. агентство по образованию, Гос. образоват. учреждение высш. проф. образования Дон. гос. техн. ун-т
210 _aРостов-на-Дону
_cДГТУ
_d2005
215 _a133 с.
_cил.
_d20
320 _aБиблиогр.: с. 131 (12 назв.)
606 1 _aУпрочнение металлов поверхностное
_jУчебные издания для высших учебных заведений
_9949049
_3RU\NLR\auth\66352466
686 _aК65я73-1
700 1 _aБровер
_bГ. И.
_gГалина Ивановна
_4070
701 1 _aБровер
_bА. В.
_gАндрей Владимирович
_4070
801 0 _aRU
_bNLR
_c20051216
_grcr
801 1 _aRU
_bNLR
_c20051216
830 _aпо кн
942 _cBOOK
980 _aNB